Scritti di storia del diritto privato
Salvato in:
| Autore principale: | |
|---|---|
| Natura: | Libro |
| Lingua: | italiano |
| Pubblicazione: |
Padua
CEDAM
1956
|
| Soggetti: | |
| Tags: |
Aggiungi Tag
Nessun Tag, puoi essere il primo ad aggiungerne!!
|
MARC
| LEADER | 00000nam a2200000 a 4500 | ||
|---|---|---|---|
| 001 | UCS7664 | ||
| 003 | CL-VaPUC | ||
| 008 | 971017e19560000IT |||||||||||||||||ita|d | ||
| 082 | 0 | 4 | |a 346.016 |b VAC |2 21 |
| 100 | 0 | |a Vaccari, Pietro |e author |9 392694 | |
| 245 | 1 | 0 | |a Scritti di storia del diritto privato |
| 300 | |a 254 p | ||
| 942 | |c BK | ||
| 945 | |d 19971017 00:00:00 |a aolguin | ||
| 260 | |a Padua |b CEDAM |c 1956 | ||
| 650 | 7 | |a MATRIMONIO |2 CL-VaPUC |9 392695 | |
| 650 | 0 | |a Derecho privado |9 258243 | |
| 650 | 0 | |a Historia |9 255047 | |
| 650 | 0 | |a Derecho medieval |9 314261 | |
| 650 | 0 | |a Responsabilidad |9 308399 | |
| 650 | 0 | |a Contrato matrimonial |9 352988 | |
| 583 | |a last modification |c 19971017 00:00:00 |k Rodrigo Vera | ||
| 999 | |c 262583 |d 262581 | ||
| 952 | |0 0 |1 0 |4 0 |6 346_016000000000000_VAC_1956 |7 0 |8 DER_HIS |9 291262 |a BIBDER |b BIBDER |d 2019-11-19 |i 1888714 |o 346.016 VAC 1956 |p 1888714 |r 2023-01-25 |w 2019-11-19 |x Ubicación 4to Piso |y BK |z Estos recursos deben solicitarse con anticipación |k DER | ||